Polskie góry - Statystyki

Ogólne statystyki
  • Ten quiz został rozwiązany 596 razy
  • Średni wynik to 4 z 6
Statystyki odpowiedzi
Odpowiedź % Poprawnych
Tatry
96%
Bieszczady
77%
Karkonosze
69%
Beskidy
66%
Świętokrzyskie
47%
Stołowe
34%
Nie znaleziono quizów pasujących do podanych kryteriów
Rozkład punktacji
Procent ludzi z każdym wynikiem
Percentyl według liczby udzielonych odpowiedzi
Twoja historia wyników
Nie rozwiązałeś tego quizu